| 000 | 00567nmm a2200169Ia 4500 | ||
|---|---|---|---|
| 008 | 251105s9999||||xx |||||||||||||||||und|| | ||
| 020 | _a9786071651303 | ||
| 041 | _aspa | ||
| 100 | _aChimal, Carlos | ||
| 245 | 0 |
_aFábrica de colores : _b La vida del inventor Guillermo González Camarena |
|
| 264 |
_a[México D.C., Mexico] : _bFondo de Cultura Económica, _c[Fecha de publicación no identificada] |
||
| 300 | _a12 páginas | ||
| 490 | _aLa Ciencia para Todos | ||
| 650 | _aBiography | ||
| 856 | _uhttps://public.digitaliapublishing.com/a/134221 | ||
| 942 | _cCF | ||
| 999 |
_c75570 _d75570 |
||